Indian History: How Did They Die? - Statistics

General Stats
  • This quiz has been taken 66 times
  • The average score is 10 of 15
Answer Stats
Question Answer % Correct
Mahatma Gandhi Assassinated by Hindu nationalist
95%
Bhagat Singh Hanged by the British
85%
Sridevi Drowned in hotel bathtub
77%
Sushant Singh Rajput Suicide by hanging
77%
Lata Mangeshkar Old Age after contracting COVID-19
75%
Sambhaji Blinded and beheaded by Aurangzeb
72%
Rajiv Gandhi Blown up by Tamil Tiger suicide bomber
72%
Cyrus Mistry Car crash in Mumbai
67%
Vivekananda Died while in meditation upon his own prediction
67%
Padmini Committed Jauhar, or self-immolation
66%
Lala Lajpat Rai Injuries sustained by a British baton charge
61%
Humayun Slipped and fell down the stairs
57%
Bipin Rawat Helicopter crash in Tamil Nadu
54%
Meena Kumari Liver Cirrhosis due to alcoholism
54%
Divya Bharti Fell from 5th floor balcony
51%
No matching quizzes found
Score Distribution
Percent of People with Each Score
Percentile by Number Answered
Your Score History
You have not taken this quiz